00425nam a22001572 4500001001100000005001700011008004100028040001500069100003000084245005400114250001300168260003800181300001200219651003300231852000300264000001170420151217155846.0090105s xx 000 0 eng d aKABUcKABU1 aLugard, F. D.@000016768014aThe Story of Uganda Protectorate /cF. D. Lugard. a1st ed. aLondon :bHorace Marshall,c1900. a175 p. 0aUgandaxHistory.@00001613591